Statistiques concernant Associez ces noms à des rappeurs

Cliquez ici pour prendre le quiz!

Statistiques générales

  • Ce quiz a été pris 356 fois
  • Le résultat moyen est 8 sur 15

Statistiques - réponses

HintRéponse% Correct
Florian et Olivio OrdonezBigflo et Oli
83%
Elie YaffaBooba
83%
Julien MariJul
82%
Aurélien CotentinOrelsan
82%
Romeo Van LaekenRomeo Elvis
78%
Valentin le DuVald
78%
William NzobazolaNinho
68%
Stanislas Dinga-pintoNiska
66%
Antoine ValentinelliLomepal
47%
Marcel LoutarilaKobaLaD
43%
Claude M'baraliMC Solaar
21%
Jérémy LarrouxLaylow
17%
José NzengoJosman
14%
Lucas TaupinLujipeka
9%
Mihaja RamiarinarivoOboy
4%

Distribution des résultats

Percentile par nombre de réponses

% des personnes avec chaque résultat

Votre développement - résultats

Vous n’avez pas pris ce quiz